Lindsay Lohan Movies - Statistics

General Stats
  • This quiz has been taken 698 times
  • The average score is 5 of 13
Answer Stats
Year Movie % Correct
2004 Mean Girls
91%
1998 The Parent Trap
91%
2003 Freaky Friday
75%
2005 Herbie: Fully Loaded
54%
2004 Confessions of a Teenage Drama Queen
51%
2006 Just My Luck
42%
2007 I Know Who Killed Me
34%
2007 Georgia Rule
28%
2009 Labor Pains
19%
2010 Machete
17%
2006 A Prairie Home Companion
13%
2006 Bobby
12%
2007 Chapter 27
10%
No matching quizzes found
Score Distribution
Percent of People with Each Score
Percentile by Number Answered
Your Score History
You have not taken this quiz